| 000 | 00000nam##2200000za#4500 |
| 001 | 9.680732 |
| 003 | CaOODSP |
| 005 | 20250319165115 |
| 007 | ta |
| 008 | 150407|1999||||xxc||||| f|0| 0 fre|d |
| 020 | |a0-662-83639-1 |
| 040 | |aCaOODSP|bfre |
| 043 | |an-cn--- |
| 086 | 1 |aH88-3/24-1999F |
| 110 | 1 |aCanada.|bSanté Canada. |bDirection générale de la santé de la population et de la santé publique. |
| 245 | 10|aSoins de longue durée à l'intention des aînés : |bdes modèles innovateurs des meilleures pratiques |
| 260 | |aOttawa - Ontario : |bSanté Canada. |c1999. |
| 300 | |a78p. : |btableaux ; |c28 cm. |
| 500 | |a«Le présent document constitue la rapport final du projet Soins de longue durée aux aînés: des modèles innovateurs des meilleurs pratiques. L'information qu'il referme devrait être utile aux planificateurs, aux praticiens, aux chercheurs et aux décideurs pour l'adoption de modèles innovateurs de meilleurs pratiques en matière de soins de longue durée aux aînés.»--Page 4. N.B.: Le numéro de catalogue (H88-24/1999F) imprimé dans cette publication est incorrect. Rapport préparé à la demande du Comité fédéral-provincial-territorial des hauts fonctionnaires (aînés) pour les ministres responsables des aînés. |
| 520 | 3 |aLe présent document constitue la rapport final du projet Soins de longue durée aux aînés: des modèles innovateurs des meilleurs pratiques. L'information qu'il referme devrait être utile aux planificateurs, aux praticiens, aux chercheurs et aux décideurs pour l'adoption de modèles innovateurs de meilleurs pratiques en matière de soins de longue durée aux aînés.--Page 4 |
| 563 | |aCouverture souple |
| 590 | |a01-39|b2001-09-28 |
| 691 | 07|aSoin de la personne âgée|2gcpds |
| 691 | 07|aInnovation|2gcpds |
| 691 | 07|aAîné|2gcpds |
| 775 | 08|tInnovations in best-practice models of continuing care for seniors |w(CaOODSP)9.647307 |
| 776 | 0#|tSoins de longue durée à l'intention des aînés : |w(CaOODSP)9.639704 |